De amor tan solo (Record no. 175972)

MARC details
000 -LEADER
campo de control de longitud fija 00694nam a22002295i 4500
001 - NÚMERO DE CONTROL
campo de control 175972
003 - IDENTIFICADOR DE NÚMERO DE CONTROL
campo de control ES-MaACL
005 - FECHA Y HORA DE LA ÚLTIMA TRANSACCIÓN
campo de control 20251003063152.0
008 - DATOS DE LONGITUD FIJA--INFORMACIÓN GENERAL
campo de control de longitud fija 101002s2007 sp o |||| | spa d
020 ## - NÚMERO INTERNACIONAL ESTÁNDAR DEL LIBRO
Número Internacional Estándar del Libro 978-84-96830-16-5
080 ## - NÚMERO DE LA CLASIFICACIÓN DECIMAL UNIVERSAL
Número de la Clasificación Decimal Universal 821.134.2-14"19"
100 1# - ENTRADA PRINCIPAL--NOMBRE DE PERSONA
Nombre de persona Guadalupe, Olga,
Fechas asociadas al nombre 1964-
9 (RLIN) 144165
245 10 - MENCIÓN DEL TÍTULO
Título De amor tan solo
Resto del título : (28 de abril de 2005-2 de enero de 2006) /
Mención de responsabilidad, etc. Olga Guadalupe.
250 ## - MENCION DE EDICION
Mención de edición 1ª ed.
260 ## - PUBLICACIÓN, DISTRIBUCIÓN, ETC.
Lugar de publicación, distribución, etc. Madrid :
Nombre del editor, distribuidor, etc. Vitruvio,
Fecha de publicación, distribución, etc. 2007.
300 ## - DESCRIPCIÓN FÍSICA
Extensión 62, [4] p. ;
Dimensiones 21 cm.
490 1# - MENCIÓN DE SERIE
Mención de serie Baños del Carmen ;
Designación de volumen o secuencia 130
830 0# - PUNTO DE ACCESO ADICIONAL DE SERIE-TÍTULO UNIFORME
Título uniforme Colección Baños del Carmen
Designación de volumen o secuencia 130
9 (RLIN) 183030
852 ## - LOCALIZACIÓN
Ubicación ES-MaACL
Número de control de estantería 2269-F-11
942 ## - ELEMENTOS DE ENTRADA SECUNDARIOS (KOHA)
Fuente del sistema de clasificación o colocación Clasificación decimal universal
Holdings
Estatus retirado Estado de pérdida Estado de daño No para préstamo Colección Biblioteca de origen Biblioteca actual Ubicación en estantería Fecha de adquisición Fuente de adquisición Total de préstamos Signatura topográfica completa Código de barras Visto por última vez Precio de reemplazo Tipo de ítem Koha
        Colección de folletos Biblioteca del Ateneo de Madrid Biblioteca del Ateneo de Madrid Depósito folletos 02/12/2010     2269-F-11 1184795 23/02/2023 23/02/2023 Folleto